[Event "Campionato europeo 2007"]
[Site "Dresda GER"]
[Date "2007.04.08"]
[Round "6"]
[White "Lopez Martinez, Josep Manuel"]
[Black "Gurevich, Mikhail"]
[Result "1-0"]
[WhiteElo "2563"]
[BlackElo "2635"]
[PlyCount "195"]
[EventDate "2007.04.03"]
[Source "www.chesslib.no"]
[SourceDate "2004.05.04"]

1. e4 d6 2. d4 Nf6 3. Nc3 g6 4. Be3 Bg7 5. Qd2 O-O 6. f3 c6 7. h4 h5 8. O-O-O b5 9. Bh6 b4 10. Nce2 Qa5 11. Kb1 Be6 12. Nc1 c5 13. Nge2 Bc4 14. e5 dxe5 15. dxe5 Nd5 16. Bxg7 Kxg7 17. Qg5 Rd8 18. Rxd5 Bxd5 19. Nf4 Bxa2+ 20. Nxa2 Rd1+ 21. Nc1 b3 22. Nxh5+ Kh7 23. cxb3 Nc6 24. b4 Qxb4 25. Qf4 Qxf4 26. Nxf4 Nxe5 27. h5 Kg7 28. hxg6 Nxg6 29. Nfd3 c4 30. Nf2 Rd4 31. Ne2 Rd2 32. Ne4 Rd1+ 33. Kc2 Rad8 34. N2c3 Re1 35. Ng3 Nf4 36. Rh4 Nd3 37. Bxd3 cxd3+ 38. Kd2 Rg1 39. Nf5+ Kf6 40. Ne3 e6 41. Ncd1 Rd7 42. Rb4 Rh1 43. Nf2 Rh8 44. Ne4+ Ke7 45. Nc5 Rc7 46. Nxd3 Rd8 47. Ke2 Rdd7 48. Ra4 Rb7 49. Nc4 Rd4 50. Ke3 Rd5 51. b4 Rc7 52. Nc5 Rd1 53. Nd2 Rg1 54. g4 Re1+ 55. Kf4 Kf6 56. Nde4+ Kg6 57. g5 Rd1 58. Ra3 Rd4 59. Nd3 Kg7 60. Ke3 Rd5 61. Ndc5 Kg6 62. Ra1 Kg7 63. f4 Rd8 64. Nf6 Kg6 65. Ra6 Kf5 66. Ra5 Kg6 67. Ng4 Rd1 68. Ne5+ Kg7 69. g6 Re1+ 70. Kd2 Rxe5 71. fxe5 Kxg6 72. Ra1 f6 73. Ke3 Kf5 74. exf6 Kxf6 75. Ra6 Ke5 76. Kd3 Kd5 77. Nxe6 Rh7 78. Nf4+ Ke5 79. Ke3 Rg7 80. Ra5+ Kd6 81. Nd3 Kc6 82. Kd4 Kb6 83. Ne5 Rh7 84. Nc4+ Kb7 85. Rg5 Ka6 86. Rd5 Rg7 87. Ne5 Kb6 88. Kc4 Rc7+ 89. Rc5 Rh7 90. Rc6+ Kb7 91. Re6 Rg7 92. Kb5 Rh7 93. Ka5 Rg7 94. b5 Rg1 95. Re7+ Ka8 96. Nc6 Ra1+ 97. Kb4 Ra2 98. Kc5 1-0

[Event "Moscow RUS"]
[Site "?"]
[Date "2005.02.20"]
[Round "6"]
[White "Ehlvest Jaan"]
[Black "Kornev Alexei"]
[Result "1-0"]
[WhiteElo "2622"]
[BlackElo "2574"]
[PlyCount "67"]
[EventDate "2005.??.??"]
[Source "www.chesslib.no"]
[SourceDate "2004.05.04"]

1. e4 d6 2. d4 Nf6 3. Nc3 g6 4. Be3 Bg7 5. Qd2 c6 6. Nf3 Bg4 7. Be2 O-O 8. a4 Bxf3 9. Bxf3 e6 10. d5 cxd5 11. exd5 e5 12. a5 a6 13. O-O Nbd7 14. Na4 Rc8 15. Be2 Ne8 16. Nb6 Nxb6 17. Bxb6 Qe7 18. c4 f5 19. Rac1 e4 20. b4 Be5 21. c5 Nf6 22. c6 Kh8 23. b5 axb5 24. Bxb5 bxc6 25. dxc6 f4 26. f3 exf3 27. gxf3 g5 28. Ba6 Rc7 29. Kh1 g4 30. Bxc7 Qxc7 31. fxg4 Nxg4 32. Rf3 Ra8 33. Bb7 Rg8 34. a6 1-0

[Event "Wijk aan Zee III"]
[Site "?"]
[Date "2004.??.??"]
[Round "?"]
[White "Pavasovic, D."]
[Black "Gagunashvili, M."]
[Result "0-1"]
[WhiteElo "2615"]
[BlackElo "2580"]
[PlyCount "70"]
[EventDate "2004.??.??"]
[Source "Chess Informant"]
[SourceDate "2004.02.01"]

1. e4 d6 2. d4 Nf6 3. Nc3 g6 4. g3 Bg7 5. Bg2 O-O 6. Nge2 e5 7. h3 c6 8. O-O b5 9. Be3 Bb7 10. a3 Qc7 11. g4 a5 12. d5 b4 13. dxc6 Bxc6 14. Nd5 Bxd5 15. exd5 Na6 16. Qd2 Nd7 17. axb4 axb4 18. g5 Rfc8 19. Ng3 Qxc2 20. Ne4 Bf8 21. Qxc2 Rxc2 22. Ra4 Nc7 23. Rxb4 Ra2 24. Rb1 Nxd5 25. Rb7 Rc7 26. Nc3 Rxb7 27. Bxd5 Raa7 28. b4 Be7 29. Bxb7 Rxb7 30. Nd5 Kf8 31. Ra1 f5 32. f3 Kf7 33. h4 Ke6 34. Rd1 Bd8 35. Kf1 Rb5 0-1

[Event "Novi Sad ol (Men)"]
[Site "Novi Sad YUG"]
[Date "1990.??.??"]
[Round "9"]
[White "Short, Nigel D"]
[Black "Ftacnik, Lubomir"]
[Result "1/2-1/2"]
[WhiteElo "2635"]
[BlackElo "2560"]
[PlyCount "53"]
[EventDate "1990.11.??"]
[Source "www.chesslib.no"]
[SourceDate "2004.05.04"]

1. e4 d6 2. d4 Nf6 3. Nc3 g6 4. Be3 c6 5. h3 Nbd7 6. Nf3 Qc7 7. a4 Bg7 8. Be2 O-O 9. O-O b6 10. Nd2 e5 11. dxe5 Nxe5 12. f4 Ned7 13. Nc4 d5 14. exd5 Nxd5 15. Nxd5 cxd5 16. Qxd5 Ba6 17. Rae1 Rad8 18. Qd6 Qxd6 19. Nxd6 Bxe2 20. Rxe2 Bxb2 21. Nb5 Bf6 22. Bf2 Nc5 23. a5 Ne6 24. axb6 axb6 25. c4 Nd4 26. Re4 Nxb5 27. cxb5 1/2-1/2

[Event "Corsica qf m"]
[Site "?"]
[Date "1998.11.04"]
[Round "1.3"]
[White "Degraeve Jean Marc"]
[Black "Chernin Alexander"]
[Result "0-1"]
[WhiteElo "2580"]
[BlackElo "2610"]
[PlyCount "75"]
[EventDate "1998.??.??"]
[Source "www.chesslib.no"]
[SourceDate "2004.05.04"]

1. e4 d6 2. d4 Nf6 3. Nc3 g6 4. Be3 c6 5. Qd2 b5 6. Bd3 Nbd7 7. Nf3 e5 8. O-O Bb7 9. dxe5 dxe5 10. a4 a6 11. axb5 cxb5 12. Bg5 Bg7 13. Ne2 O-O 14. Ng3 Re8 15. Bh6 Bh8 16. Qg5 Qc7 17. Rfd1 Nc5 18. Qh4 Ne6 19. Nf5 Nc5 20. Re1 Ncxe4 21. Bxe4 Nxe4 22. Rxe4 Bxe4 23. Qxe4 gxf5 24. Qxf5 Qc6 25. Qh3 Qe6 26. Qh4 Rad8 27. h3 Qg6 28. Re1 e4 29. Re3 exf3 30. Rxf3 Rd1+ 31. Kh2 Be5+ 32. Bf4 Bxf4+ 33. Rxf4 h5 34. Rf6 Qg7 35. Rf5 Qg6 36. Rg5 Rd6 37. Qxh5 Rde6 38. Rxg6+ 0-1

[Event "Groningen"]
[Site "?"]
[Date "1993.??.??"]
[Round "?"]
[White "Wolff, P."]
[Black "Gurevich, M."]
[Result "0-1"]
[WhiteElo "2585"]
[BlackElo "2605"]
[PlyCount "76"]
[EventDate "1993.??.??"]
[Source "ChessBase"]
[SourceDate "1993.10.01"]

1. e4 d6 2. d4 Nf6 3. Nc3 g6 4. Be3 c6 5. Qd2 Bg7 6. h3 O-O 7. Bd3 e5 8. Nf3 Nbd7 9. O-O Re8 10. Rad1 b5 11. dxe5 dxe5 12. Ne2 Qe7 13. Ng3 Bb7 14. c4 b4 15. a3 c5 16. Qc2 a5 17. Ra1 Nf8 18. Ra2 Qc7 19. Rfa1 Ne6 20. Nd2 Nd4 21. Bxd4 exd4 22. axb4 axb4 23. Ra7 h5 24. Nb3 h4 25. Nf1 Rxa7 26. Rxa7 Qb6 27. Ra5 Nxe4 28. Rb5 Qc7 29. f3 Ng5 30. Rxc5 Qf4 31. Qf2 Re3 32. Nxe3 dxe3 33. Qe2 Be5 34. Rxe5 Qxe5 35. c5 Bd5 36. Na5 Ne6 37. Be4 Bxe4 38. Nc4 Bd3 0-1

[Event "Philadelphia"]
[Site "?"]
[Date "1994.??.??"]
[Round "?"]
[White "Zapata, A."]
[Black "Azmaiparashvili, Z."]
[Result "1-0"]
[WhiteElo "2565"]
[BlackElo "2625"]
[PlyCount "109"]
[EventDate "1994.??.??"]
[Source "ChessBase"]
[SourceDate "1994.10.01"]

1. e4 d6 2. d4 Nf6 3. Nc3 g6 4. Be3 c6 5. a4 Qa5 6. Qd2 Bg7 7. Nf3 O-O 8. Be2 e5 9. h3 Re8 10. d5 Qb4 11. O-O Nxe4 12. Nxe4 Qxe4 13. dxc6 Nxc6 14. Ng5 Qf5 15. Bc4 Rf8 16. f4 exf4 17. Rxf4 Qxg5 18. Rxf7 Qa5 19. b4 Qxb4 20. Rxf8+ Kxf8 21. Qd5 Qxc4 22. Qxc4 Bxa1 23. Qf1+ Bf5 24. Qxa1 Ne5 25. Qd4 Nf7 26. c3 a6 27. Qf6 h5 28. Bd4 Re8 29. Qg7+ Ke7 30. Bf6+ Ke6 31. Bh4 Ne5 32. Qxb7 Bd3 33. Kh2 Bc4 34. Bg3 Re7 35. Qe4 Bd5 36. Qe2 Bb7 37. Qe3 Kf7 38. Qh6 Bc6 39. a5 Rb7 40. Qh7+ Kf6 41. Qh8+ Kf7 42. Bxe5 dxe5 43. Qxe5 Re7 44. Qf4+ Ke6 45. Qc4+ Kd7 46. Qxa6 Re5 47. Qa7+ Kc8 48. Qb6 Kd7 49. Qd4+ Ke6 50. a6 Re4 51. Qg7 h4 52. Qxg6+ Kd5 53. Qh5+ Kd6 54. a7 Ra4 55. Qd1+ 1-0

[Event "Corsica qf m"]
[Site "?"]
[Date "1998.11.04"]
[Round "1.1"]
[White "Degraeve Jean Marc"]
[Black "Chernin Alexander"]
[Result "1-0"]
[WhiteElo "2580"]
[BlackElo "2610"]
[PlyCount "65"]
[EventDate "1998.??.??"]
[Source "www.chesslib.no"]
[SourceDate "2004.05.04"]

1. e4 d6 2. d4 Nf6 3. Nc3 g6 4. Be3 c6 5. Qd2 Nbd7 6. Nf3 b5 7. Bd3 Ng4 8. Bg5 h6 9. Bh4 Bg7 10. O-O Qc7 11. Rfe1 e5 12. d5 b4 13. dxc6 bxc3 14. cxd7+ Bxd7 15. bxc3 O-O 16. Rab1 g5 17. Bg3 Nf6 18. h4 g4 19. Nh2 Be6 20. Nf1 d5 21. exd5 Nxd5 22. Bxe5 Bxe5 23. Qxh6 Rfe8 24. Rb7 Qxb7 25. Bh7+ Kh8 26. Rxe5 f6 27. Bf5+ Kg8 28. Bxe6+ Rxe6 29. Rxe6 Qf7 30. Re4 f5 31. Re6 Ne7 32. Qg5+ Kf8 33. Rf6 1-0

[Event "Cali 82/99"]
[Site "?"]
[Date "2001.??.??"]
[Round "?"]
[White "Dominguez, L."]
[Black "Gulko, B."]
[Result "1/2-1/2"]
[WhiteElo "2585"]
[BlackElo "2602"]
[PlyCount "44"]
[EventDate "2001.??.??"]
[Source "Chess Informant"]
[SourceDate "2001.06.01"]

1. e4 d6 2. d4 Nf6 3. Nc3 g6 4. Be3 c6 5. Qd2 b5 6. Bd3 Nbd7 7. Nf3 e5 8. O-O Bb7 9. dxe5 dxe5 10. a4 a6 11. axb5 cxb5 12. Nxb5 axb5 13. Bxb5 Nxe4 14. Qd3 f6 15. Qc4 Nd6 16. Qe6+ Be7 17. Rxa8 Bxa8 18. Ba4 Be4 19. c4 Bf5 20. Qd5 Be4 21. Qe6 Bf5 22. Qd5 Be4 1/2-1/2

[Event "Ischia"]
[Site "Ischia"]
[Date "1996.??.??"]
[Round "3"]
[White "Sadler, Matthew"]
[Black "Ftacnik, Lubomir"]
[Result "1/2-1/2"]
[WhiteElo "2600"]
[BlackElo "2585"]
[PlyCount "106"]
[EventDate "1996.06.??"]
[Source "ChessBase"]

1. e4 d6 2. d4 Nf6 3. Nc3 g6 4. g3 Bg7 5. Bg2 O-O 6. Nge2 Na6 7. h3 e5 8. Be3 Re8 9. Qd2 exd4 10. Bxd4 Bd7 11. O-O Bc6 12. Rad1 Nc5 13. f3 Ne6 14. Be3 Nd7 15. b3 a5 16. Nd4 Nxd4 17. Bxd4 Bxd4+ 18. Qxd4 Qg5 19. Kh2 Qc5 20. Qd2 a4 21. Rfe1 Nf6 22. Ne2 axb3 23. axb3 d5 24. b4 Qb6 25. Nc3 dxe4 26. Nxe4 Nxe4 27. fxe4 Ra2 28. Rf1 Ba4 29. Qf4 Rf8 30. Rd8 Qe6 31. Qxc7 Rxc2 32. Rxf8+ Kxf8 33. Qd8+ Kg7 34. Qd4+ Kg8 35. Rf2 Rxf2 36. Qxf2 Qe5 37. Qf4 f6 38. Qd2 Bc6 39. Qd3 h5 40. h4 Kg7 41. Qc2 Qd4 42. e5 Qxe5 43. Bxc6 bxc6 44. Qxc6 Qb2+ 45. Kg1 Qxb4 46. Qd7+ Kf8 47. Qd8+ Kf7 48. Qd5+ Ke7 49. Qg8 Qb1+ 50. Kg2 Qc2+ 51. Kf3 Qf5+ 52. Kg2 Qe4+ 53. Kf2 Qc2+ 1/2-1/2

[Event "Rubinstein mem"]
[Site "Polanica Zdroj"]
[Date "1995.??.??"]
[Round "4"]
[White "Tiviakov, Sergei"]
[Black "Markowski, Tomasz"]
[Result "0-1"]
[WhiteElo "2655"]
[BlackElo "2530"]
[PlyCount "162"]
[EventDate "1995.08.??"]
[Source "ChessBase"]

1. e4 d6 2. d4 Nf6 3. Nc3 g6 4. Bg5 Bg7 5. Qd2 h6 6. Bh4 g5 7. Bg3 Nh5 8. O-O-O Nc6 9. Bb5 Bd7 10. Nge2 e6 11. f3 Nxg3 12. hxg3 a6 13. Bxc6 Bxc6 14. g4 Qe7 15. Ng3 Rg8 16. Rhe1 O-O-O 17. Nh5 Bh8 18. Nd5 Qf8 19. Ne3 Kb8 20. Qa5 Bd7 21. Rd3 Bc8 22. Red1 Qe7 23. d5 b6 24. Qa3 Ka7 25. Ng3 Be5 26. Ne2 Bb7 27. Nd4 Qd7 28. Rc3 Bxd4 29. Rxd4 Rh8 30. Rd1 h5 31. gxh5 Rxh5 32. Ng4 Rh4 33. dxe6 fxe6 34. e5 d5 35. Re3 Rdh8 36. Ree1 Qf7 37. Qe3 Qf5 38. Nf6 Rh2 39. Qf2 R8h4 40. Qg3 R4h3 41. Qf2 Qf4+ 42. Rd2 Rh8 43. Kb1 c5 44. Ng4 Rh1 45. Rdd1 Rxe1 46. Qxe1 Bc6 47. b3 Be8 48. a4 a5 49. Qe2 Qb4 50. Qe3 Bg6 51. Kb2 d4 52. Qd2 Qxd2 53. Rxd2 Rh1 54. Re2 Rg1 55. Nf6 Kb7 56. Nd7 Rh1 57. Nf6 Kc6 58. Ne4 g4 59. c3 Rh2 60. Rd2 Bf5 61. cxd4 cxd4 62. Ng5 Kd5 63. fxg4 Bxg4 64. Nf7 Bh3 65. Nd6 Rxg2 66. Rxg2 Bxg2 67. Nc4 Kc5 68. Nd6 Bf1 69. Kc2 Ba6 70. Ne8 Bb7 71. Nd6 Bd5 72. Nb5 Be4+ 73. Kb2 Kd5 74. Nd6 Bd3 75. Nc8 Kc6 76. Ne7+ Kc5 77. Nc8 Ba6 78. Ne7 Bb7 79. Kc2 Be4+ 80. Kb2 Kb4 81. Nc8 d3 0-1